| 000 | 00574nam a2200193Ia 4500 | ||
|---|---|---|---|
| 001 | 13405 | ||
| 003 | GE_BSU | ||
| 008 | 181216s||||||||xx |||||||||||||| ||und|| | ||
| 020 | _a9781858307800 | ||
| 040 | _cGE_BSU | ||
| 080 | _a821.111(038) | ||
| 245 | _aTnglish Dictionary:A cjmprehensive guide to the English Language for home, office and school | ||
| 260 | _aLondon | ||
| 260 | _bPrinted in Hungary | ||
| 260 | _c1999 | ||
| 300 | _a351p.ill.20cm. | ||
| 653 | _aTnglish Dictionary:A cjmprehensive guide to the English Language for home, office and school | ||
| 942 | _cBK | ||
| 999 |
_c46566 _d46566 |
||